000 01777nam0a2200385 4500
001 RU\NLR\bibl\1955355
005 20260405091241.0
010 _a978-5-9718-0589-2
_bв обл.
_91000
021 _aRU
_b2012-71903
_95304
035 _a(NLR Aleph) 001944437
035 _a(nilc)LIBNET\0000278083
090 _a3609929
_c3609929
100 _a20121005d2012 k y0rusy50 ca
101 0 _arus
102 _aRU
105 _aac z |||||
200 1 _aОсновы спортивного мастерства
_fА.А. Новиков
210 _aМосква
_cСоветский спорт
_d2012
215 _a255 с.
_cил., портр.
_d21
225 1 _aАтланты спортивной науки
300 _aНа 4-й с. обл. авт.: Новиков А.А., д.п.н., проф., акад. Академии спорт. единоборств, засл. работник физ. культуры Рос. Федерации, засл. деят. науки Респ. Бурятия
320 _aБиблиогр.: с. 234-251 (314 назв.)
606 1 _aЕдиноборства (спорт.)
_xТренировка
_91028310
_3RU\NLR\auth\66393954
606 1 _aСпортсмены
_xКоординация движений
_xРазвитие
_92112964
_3RU\NLR\auth\661580277
686 _a75.715
_vLBC/M
_2rubbk
686 _aЧ517.151.5
686 _aЧ510.28
700 1 _4070
_7ca
_8rus
_aНовиков
_bА. А.
_cтренер
_gАлександр Александрович
_915711
_3RU\NLR\auth\7732703
801 0 _aRU
_bНБР Карелия
_c20121005
_grcr
801 1 _aRU
_bНБР Карелия
_c20121005
_grcr
_2rusmarc
801 2 _aRU
_bNLR
_c20121015
_grcr
942 _cBOOK
980 _aNBR
980 _aNB